Découverte du cinéma grec: histoire, chronologie, biographies, films, documents, images
Αποθηκεύτηκε σε:
| Κύριος συγγραφέας: | |
|---|---|
| Μορφή: | Βιβλίο |
| Γλώσσα: | Γαλλικά |
| Έκδοση: |
París
Seghers
1968
|
| Σειρά: | Cinéma Club
|
| Θέματα: | |
| Ετικέτες: |
Προσθήκη ετικέτας
Δεν υπάρχουν, Καταχωρήστε ετικέτα πρώτοι!
|
MARC
| LEADER | 00000cam a2200000 a 4500 | ||
|---|---|---|---|
| 001 | UCV8253 | ||
| 003 | CL-VaPUC | ||
| 008 | 901203e19680000FR |||||||||||||||||fre|d | ||
| 082 | 0 | 4 | |a 791.43 |b MIT |2 21 |
| 100 | |a Mitropoulos, Aglae |e autor |9 302314 | ||
| 245 | 1 | 0 | |a Découverte du cinéma grec: histoire, chronologie, biographies, films, documents, images |
| 300 | |a 158 p | ||
| 942 | |c BK | ||
| 945 | |d 19901203 00:00:00 | ||
| 260 | |a París |b Seghers |c 1968 | ||
| 650 | 0 | |a Cine |9 225706 | |
| 650 | 0 | |a Actores |9 302313 | |
| 651 | 0 | |a Grecia |9 265314 | |
| 583 | |a last modification |c 20190402 08:43:23 |k Rodrigo Vera | ||
| 490 | 0 | |a Cinéma Club | |
| 999 | |c 213798 |d 213796 | ||
| 952 | |0 0 |1 0 |3 erb |4 0 |6 791_430000000000000_MIT_1968 |7 0 |8 A |9 196525 |a BIBART |b BIBART |i 5476011 |o 791.43 MIT 1968 |p 5476011 |r 2025-03-13 |w 2019-11-14 |y BK |z Catalogado en:20180615 |k ART | ||